Welcome to University of Cape Coast Library, Online Public Access Catalogue (OPAC)

Organic chemistry / (Record no. 27400)

MARC details
000 -LEADER
fixed length control field 00819pam a2200253 a 4500
001 - CONTROL NUMBER
control field 597800
005 - DATE AND TIME OF LATEST TRANSACTION
control field 20220304154348.0
008 - FIXED-LENGTH DATA ELEMENTS--GENERAL INFORMATION
fixed length control field 910501s1992 nyua 001 0 eng
010 ## - LIBRARY OF CONGRESS CONTROL NUMBER
LC control number 91019188
020 ## - INTERNATIONAL STANDARD BOOK NUMBER
International Standard Book Number 0070099340 :
Terms of availability $59.95
040 ## - CATALOGING SOURCE
Original cataloging agency DLC
Transcribing agency DLC
Modifying agency DLC
050 00 - LIBRARY OF CONGRESS CALL NUMBER
Classification number QD251.2
Item number .C364 1992
082 00 - DEWEY DECIMAL CLASSIFICATION NUMBER
Classification number 547
Edition number 20
100 1# - MAIN ENTRY--PERSONAL NAME
Personal name Carey, Francis A.,
Dates associated with a name 1937-
9 (RLIN) 47354
245 10 - TITLE STATEMENT
Title Organic chemistry /
Statement of responsibility, etc. Francis A. Carey.
250 ## - EDITION STATEMENT
Edition statement 2nd ed.
260 ## - PUBLICATION, DISTRIBUTION, ETC.
Place of publication, distribution, etc. New York :
Name of publisher, distributor, etc. McGraw-Hill,
Date of publication, distribution, etc. c1992.
300 ## - PHYSICAL DESCRIPTION
Extent xxx, 1274 p. :
Other physical details ill. (some col.) ;
Dimensions 26 cm.
500 ## - GENERAL NOTE
General note Includes index.
650 #0 - SUBJECT ADDED ENTRY--TOPICAL TERM
Topical term or geographic name entry element Chemistry, Organic.
9 (RLIN) 47355
906 ## - LOCAL DATA ELEMENT F, LDF (RLIN)
a 7
b cbc
c orignew
d 1
e ocip
f 19
g y-gencatlg
942 ## - ADDED ENTRY ELEMENTS (KOHA)
Koha item type Books
Holdings
Lost status Collection code Home library Shelving location Date acquired Total Checkouts Full call number Barcode Date last seen Koha item type
  Open UCC Main Library   10/30/2018   QD251.2.C18 30261101891507 03/05/2019 Books
Koha©2022 UCC.All Right Reserved.Site Developed by Sam Jonah Library IT Team
<Home | Contact | Library publications |Research Tools | Research Guides |https://ucclivechat.library-gh.net/index.php/chat

If you have questions or concern please contact the Library.



PMB, University of Cape Coast

KOHA HOME